Significado y momento actual de la Real Academia de Jurisprudencia y Legislación / (Registro nro. 41950)

Detalles MARC
000 -LEADER
campo de control de longitud fija 00802nam a2200193 i 4500
001 - NÚMERO DE CONTROL
campo de control 41950
003 - IDENTIFICADOR DE NÚMERO DE CONTROL
campo de control ES-MaACL
005 - FECHA Y HORA DE LA ÚLTIMA TRANSACCIÓN
campo de control 20260127062527.0
007 - CAMPO FIJO DE DESCRIPCIÓN FÍSICA--INFORMACIÓN GENERAL
campo de control de longitud fija t|
008 - DATOS DE LONGITUD FIJA--INFORMACIÓN GENERAL
campo de control de longitud fija 030312s1964 sp ||||1| spa d
100 1# - ENTRADA PRINCIPAL--NOMBRE DE PERSONA
Nombre de persona Castán Tobeñas, José,
Fechas asociadas al nombre 1889-1969
9 (RLIN) 36392
245 10 - MENCIÓN DEL TÍTULO
Título Significado y momento actual de la Real Academia de Jurisprudencia y Legislación /
Mención de responsabilidad, etc. discurso leído el día 28 de enero de 1964, en la sesión inaugural del curso 1963-64 por José Castán Tobeñas.
260 ## - PUBLICACIÓN, DISTRIBUCIÓN, ETC.
Lugar de publicación, distribución, etc. Madrid :
Nombre del editor, distribuidor, etc. [s.n.,
Fecha de publicación, distribución, etc. 1964] (
Fabricante Gráfs. San Marcos)
300 ## - DESCRIPCIÓN FÍSICA
Extensión 26 p. ;
Dimensiones 24 cm.
500 ## - NOTA GENERAL
Nota general Precede al tít.: Real Academia de Jurisprudencia y Legislación.
700 ## - ENTRADA AGREGADA--NOMBRE PERSONAL
Nombre de persona Real Academia de Jurisprudencia y Legislación de España
9 (RLIN) 217612
852 ## - LOCALIZACIÓN
Ubicación ES-MaACL
Número de control de estantería 2039-F-2
Sublocalización o colección R.53639
Existencias
Estatus retirado Estado de pérdida Estado de daño No para préstamo Colección Biblioteca de origen Biblioteca actual Ubicación en estantería Fecha de adquisición Fuente de adquisición Total de préstamos Signatura topográfica completa Código de barras Visto por última vez Precio de reemplazo Tipo de ítem Koha
        Colección de folletos Biblioteca del Ateneo de Madrid Biblioteca del Ateneo de Madrid Depósito folletos 17/01/2008     2039-F-2 1044157 23/02/2023 23/02/2023 Folleto